Estudio de Opinión Pública Unimer RI - La Nación octubre - noviembre de 2000: efectuada del 27 de octubre y el 7 de noviembre /
Uloženo v:
| Hlavní autor: | |
|---|---|
| Korporativní autor: | |
| Další autoři: | |
| Médium: | Text |
| Vydáno: |
San José:
Unimer
|
| Témata: | |
| Tagy: |
Přidat tag
Žádné tagy, Buďte první, kdo vytvoří štítek k tomuto záznamu!
|
MARC
| LEADER | 00000 a a2200000 04500 | ||
|---|---|---|---|
| 001 | 27692 | ||
| 003 | |||
| 040 | |||
| 090 | |a 185903 |b ENCUESTA | ||
| 100 | |a Paniagua, Carlos G. | ||
| 110 | |a Unimer Research International | ||
| 245 | |a Estudio de Opinión Pública Unimer RI - La Nación octubre - noviembre de 2000: efectuada del 27 de octubre y el 7 de noviembre / |c Carlos G. Paniagua | ||
| 260 | |a San José: |b Unimer | ||
| 300 | |a 69 p. y s.p; 4 vol. |b **no definido** |b fonodiscos | ||
| 650 | |a OPINION PUBLICA | ||
| 650 | |a ENCUESTAS DE OPINION | ||
| 650 | |a PODER POLITICO | ||
| 650 | |a MINISTERIOS | ||
| 650 | |a PODER EJECUTIVO | ||
| 650 | |a PODER LEGISLATIVO | ||
| 650 | |a PARLAMENTO | ||
| 650 | |a PRACTICA PARLAMENTARIA | ||
| 650 | |a GOBIERNO | ||
| 650 | |a BUROCRACIA | ||
| 650 | |a ADMINISTRACION | ||
| 650 | |a SERVICIOS PUBLICOS | ||
| 650 | |a PARTIDOS POLITICOS | ||
| 650 | |a ESTABILIDAD POLITICA | ||
| 650 | |a OPINION PUBLICA | ||
| 650 | |a SERVICIOS PUBLICOS | ||
| 650 | |a MINISTERIOS | ||
| 700 | |a García S, Cathalina | ||
| 999 | |c 12335 |d 12335 | ||
